Rescatando algunos análisis sobre los abordajes alternativos a la corriente principal del pensamiento contable (Registro nro. 27455)

Detalles MARC
000 -LEADER
fixed length control field 00475 a2200109 4500
001 - CONTROL NUMBER
control field ART_23451
005 - DATE AND TIME OF LATEST TRANSACTION
control field 20260410161918.0
008 - FIXED-LENGTH DATA ELEMENTS--GENERAL INFORMATION
fixed length control field 260409a
100 1# - MAIN ENTRY--PERSONAL NAME
Personal name Rodríguez de Ramírez, María del Carmen
245 10 - TITLE STATEMENT
Title Rescatando algunos análisis sobre los abordajes alternativos a la corriente principal del pensamiento contable
773 0# - HOST ITEM ENTRY
Title Documentos de trabajo de contabilidad, auditoría y responsabilidad social
Related parts - Año 3, Nº 5 (jun. 2013)
Record control number REV14385

No hay ítems disponibles.